000 03103nam a2200373Ia 4500
001 CRC00E93681PDF
003 BD-DhSAU
005 20151012144300.0
006 m|||||o||d||||||||
007 cr||||
008 110310s2011 fluad sb 001 0 eng d
020 _a9781420093704 (ebook : PDF)
040 _aBD-DhSAU
_cBD-DhSAU
090 _aS592.6.T7
_bK3 2011
092 _a631.41
_bK112
100 1 _aKabata-Pendias, Alina.
245 1 0 _aTrace elements in soils and plants
_h[electronic resource] /
_cAlina Kabata-Pendias.
250 _a4th ed.
260 _aBoca Raton, Fla. :
_bCRC Press,
_c2011.
300 _axxviii, 520 p. :
_bill.
504 _aIncludes bibliographical references and index.
505 0 _ach. 1. The biosphere -- ch. 2. The anthroposphere -- ch. 3. Soils and soil processes -- ch. 4. Soil constituents -- ch. 5. Trace elements in plants -- ch. 6. Elements of group 1 (Previously group Ia) -- ch. 7. Elements of group 2 (Previously group IIa) -- ch. 8. Elements of group 3 (Previously group IIIb) -- ch. 9. Elements of group 4 (Previously group IVb) -- ch. 10. Elements of group 5 (Previously group Vb) -- ch. 11. Elements of group 6 (Previously group VIb) -- ch. 12. Elements of group 7 (Previously group VIIb) -- ch. 13. Elements of group 8 (Previously part of group VIII) -- ch. 14. Elements of group 9 (Previously part of group VIII) -- ch. 15. Elements of group 10 (Previously part of group VIII) -- ch. 16. Elements of group 11 (Previously group Ib) -- ch. 17. Trace elements of group 12 (Previously of group IIb) -- ch. 18. Elements of group 13 (Previously group IIIa) -- ch. 19. Elements of group 14 (Previously group IVa) -- ch. 20. Elements of group 15 (Previously group Va) -- ch. 21. Elements of group 16 (Previously group VIa) -- ch. 22. Elements of group 17 (Previously group VIIa).
520 _a"This fourth edition of a bestseller reflects the explosion of research during the past decade regarding trace elements and the environment related to the soil-plant system. It provides information on the biogeochemistry of trace elements in the soil-plant system and how these elements control our food quality. It discusses the assessment of natural/background content of trance elements in soil, bioindication of chemical status of environmental compartments, soil remediation, and hyperaccumulation and phytoextraction of trace metals from the soil. The table of contents reflects the IUPAC's recommendation for numbering element groups, giving the new edition an updated organizational flow"--
_cProvided by publisher.
530 _aAlso available in print edition.
538 _aMode of access: World Wide Web.
650 0 _aSoils
_xTrace element content.
650 0 _aPlants
_xEffect of trace elements on.
650 0 _aPlants
_xComposition.
650 0 _aTrace elements.
650 0 _aPlant-soil relationships.
655 7 _aElectronic books.
_2lcsh
776 1 _z9781420093681
856 4 0 _uhttp://marc.crcnetbase.com/isbn/9781420093704
_qapplication/PDF
999 _c11132
_d11131